Evaluación y clasificación de la calidad de varios cuerpos de agua en la Península de Osa (Registro nro. 8042)

Detalles MARC
000 -Líder
fixed length control field 00566nam a22001697a 4500
005 - Fecha y hora de la última transacción
Campo de control 20160627195632.0
008 - Elementos de longitud fija--Información general
Campo de control de longitud fija 160506b xxu||||| |||| 00| 0 spa d
100 ## - Entrada principal--Autor personal
Autor personal Mora Molina, Jesús
100 ## - Entrada principal--Autor personal
Autor personal Calvo Brenes, Guillermo
245 ## - Título propiamente dicho
Título Evaluación y clasificación de la calidad de varios cuerpos de agua en la Península de Osa
260 ## - PUBLICACIÓN, DISTRIBUCIÓN, ETC.
Lugar de publicación Costa Rica
Editorial Editorial Tecnológica de Costa Rica
Año de publicación 2011
300 ## - Descripción física
Extensión págnas 15-29
650 ## - Materia general
Temática (materia general) COSTA RICA
650 ## - Materia general
Temática (materia general) CALIDAD DE AGUA
650 ## - Materia general
Temática (materia general) PENÍNSULA DE OSA
942 ## - Punto de acceso adicional KOHA
Punto de acceso adicional KOHA Revista

No hay ítems disponibles.